| 000 | 00314nam a22001217a 4500 | ||
|---|---|---|---|
| 020 | _a0340840900 | ||
| 082 |
_222 _a813.5421 |
||
| 100 | _aDova, Ben. | ||
| 245 |
_aThe precipice : _bthe asteroid war have begin / |
||
| 260 |
_aNA, _bNew English Library, _cc2001. |
||
| 300 |
_a439 p. ; _bNA ; _c17 cm. |
||
| 942 |
_2ddc _cF _01 |
||
| 999 |
_c2842 _d2842 |
||